000 00301nam a2200133Ia 4500
082 _a612
_bH1993R
100 _aVIDYARATAN
245 _aHANDBOOK OF HUMAN PHYSIOLOGY
250 _a7 TH
260 _bJAYPEE MEDICAL PUBLISHER
_aDELHI
_c1993
300 _a1-340
650 _aPHYSIOLOGY
942 _2ddc
_cBK
999 _c2486
_d2486